K zdaneniu právnických osôb v likvidácii
Likvidácia spoločnosti a konkurz. Začiatok likvidácie. Ukončenie likvidácie a zánik likvidovanej spoločnosti. Posledné zdaňovacie obdobie pred vstupom daňovníka do likvidácie. Zdanenie spoločnosti počas likvidácie. Zdanenie v procese likvidácie podľa už zrušených daňových predpisov. Zdanenie subjekt...
Na minha lista:
| Autor principal: | |
|---|---|
| Formato: | Capítulo de Livro |
| Idioma: | eslovaco |
| Assuntos: | |
| Tags: |
Sem tags, seja o primeiro a adicionar uma tag!
|
MARC
| LEADER | 00000naa a2200000 4500 | ||
|---|---|---|---|
| 001 | r039876 | ||
| 005 | 20230926083413.2 | ||
| 041 | 0 | |a slo | |
| 044 | |a SK | ||
| 245 | 1 | 0 | |a K zdaneniu právnických osôb v likvidácii |c Dalila Luknárová |
| 520 | |a Likvidácia spoločnosti a konkurz. Začiatok likvidácie. Ukončenie likvidácie a zánik likvidovanej spoločnosti. Posledné zdaňovacie obdobie pred vstupom daňovníka do likvidácie. Zdanenie spoločnosti počas likvidácie. Zdanenie v procese likvidácie podľa už zrušených daňových predpisov. Zdanenie subjektov v procese likvidácie v prechodnom období a zdanenie subjektov v procese likvidácie, ak na nich bol následne vyhlásený konkurz. | ||
| 610 | 2 | 0 | |a osoby právnické |
| 610 | 2 | 0 | |a likvidácia |
| 610 | 2 | 0 | |a konkurzy |
| 610 | 2 | 0 | |a základ dane |
| 100 | 1 | |a Luknárová - Kutišová, Dalila | |